Design and analysis of algoritham / (Record no. 29786)

MARC details
000 -LEADER
fixed length control field 00872nam a22002295a 4500
005 - DATE AND TIME OF LATEST TRANSACTION
control field 20090829114134.0
008 - FIXED-LENGTH DATA ELEMENTS--GENERAL INFORMATION
fixed length control field 090121s2009 ii 010 0 eng d
010 ## - LCCN (DPL NO)
LC control number ENG-94974
020 ## - INTERNATIONAL STANDARD BOOK NUMBER
Terms of availability 150.00
International Standard Book Number 8189713027
035 ## - SYSTEM CONTROL NUMBER
System control number EN-78507
037 ## - SOURCE OF ACQUISITION
Stock number DBAD / PUB
040 ## - CATALOGING SOURCE
Original cataloging agency dpl
Language of cataloging English
082 ## - DEWEY DECIMAL CLASSIFICATION NUMBER
Classification number 005.1
100 ## - MAIN ENTRY--PERSONAL NAME
Personal name Arulselvi, A. Christiyana
245 ## - TITLE STATEMENT
Title Design and analysis of algoritham /
Statement of responsibility, etc by A. Christiyana Arulselvi
260 ## - PUBLICATION, DISTRIBUTION, ETC. (IMPRINT)
Place of publication, distribution, etc Dindigul
Name of publisher, distributor, etc Peace Trust (Newed Publication)
Date of publication, distribution, etc 2008
270 ## - ADDRESS
Address H2/30, R.M. Cololy,
City Dindigul
Postal code 624001
300 ## - PHYSICAL DESCRIPTION
Extent viii, 121p.
Dimensions 22cm(pbk)
500 ## - GENERAL NOTE
General note Includes bibliographical references
942 ## - ADDED ENTRY ELEMENTS (KOHA)
Source of classification or shelving scheme Dewey Decimal Classification
Item type English Books
Call number suffix ARU
Classification part 005.1
Holdings
Withdrawn status Lost status Source of classification or shelving scheme Damaged status Not for loan Collection code Home library Current library Date acquired Source of acquisition Cost, normal purchase price Total Checkouts Full call number Barcode Date last seen Copy number Cost, replacement price Koha item type
    Dewey Decimal Classification   Not For Loan Non-fiction D.B.Act.Division D.B.Act.Division 29/08/2009 DBAD / PUB 150.00   005.1 ARU EN-78507 29/08/2009 1 150.00 English Books

© Delhi Public Library
Hit Counter
free hit counter